|
|
|
|
| LEADER |
00000nab a2200000 ar4500 |
| 001 |
vtls009175056 |
| 003 |
SK-MaSNL |
| 005 |
20260304041833.0 |
| 008 |
080117c2006 xo zr|p|||||||000 b|slo |
| 015 |
|
|
|a SNBRB2008/01
|2 snkbucl
|
| 038 |
|
|
|a SNKBUCL
|
| 040 |
|
|
|a SNKBUCL
|b slo
|c SNKBUCL
|e AACR2
|
| 041 |
0 |
|
|a slo
|
| 044 |
|
|
|a xo
|c SK
|
| 080 |
|
|
|a 623.4
|x (437.6)
|2 2001
|
| 100 |
1 |
|
|a Marchevka, Peter
|4 aut
|9 770197
|
| 245 |
1 |
0 |
|a Modernizácia výzbroje
|c [Petre Marchevka]
|
| 300 |
|
|
|b Graf, sch.
|
| 500 |
|
|
|a Mená autorov prevzaté z obsahu
|
| 648 |
|
7 |
|a 2005
|2 snkbucl
|9 305506
|
| 650 |
0 |
7 |
|a vojenská výzbroj
|2 snkbucl
|9 28995
|
| 650 |
0 |
7 |
|a modernizácia
|2 snkbucl
|9 3613
|
| 651 |
|
7 |
|a Slovensko
|2 snkbucl
|
| 773 |
0 |
|
|t Ročenka Ministerstva obrany Slovenskej republiky 2005
|d Bratislava : Ministerstvo obrany Slovenskej republiky, 2006
|g S. 51-56
|z 8088842956
|
| 852 |
|
|
|a SNK
|b KIS3GCP
|
| 958 |
|
|
|a SK
|
| 999 |
|
|
|c 2670708
|d 2672638
|